000
00265nam a22001217a 4500
008
131127t xxu||||| |||| 00| 0 eng d
020
_a
978-0-7637-3905
040
_a
ASAB
_c
ASAB
100
_a
Benjamin Lewin
_9
313
245
_a
Cells
300
_a
340
942
_2
ddc
_c
BK
999
_c
16580
_d
16580